[Event "Yambol Diana op 1st"]
[Site "Yambol"]
[Date "2016.01.24"]
[Round "6"]
[White "Ivanov, Blagovest"]
[Black "Kazlachev, Nikola"]
[Result "1-0"]
[WhiteElo "2086"]
[BlackElo "1656"]
[PlyCount "97"]
[EventDate "2016.01.23"]
[EventType "swiss"]
[EventRounds "6"]
[EventCountry "BUL"]
[SourceTitle "CBM 170 Extra"]
[Source "ChessBase"]
[SourceDate "2016.02.25"]
[SourceVersion "1"]
[SourceVersionDate "2016.02.25"]
[SourceQuality "1"]

1. e4 d6 2. d4 Nf6 3. Nc3 g6 4. Be2 Bg7 5. Be3 0-0 6. Qd2 Nc6 7. d5 Ne5 8. h3 c6 9. Bh6 cxd5 10. Bxg7 Kxg7 11. exd5 Qc7 12. Qd4 Qc5 13. 0-0-0 b6 14. f4 Ned7 15. g4 Qxd4 16. Rxd4 Nc5 17. Bf3 Bd7 18. Nge2 a5 19. g5 Ne8 20. Bg4 f5 21. Bf3 Rc8 22. h4 Nc7 23. h5 b5 24. Ng3 b4 25. Nd1 Nb5 26. Rc4 a4 27. Kb1 b3 28. cxb3 axb3 29. a3 Nd3 30. Ne3 Rxc4 31. Nxc4 Rc8 32. h6+ Kf7 33. Rd1 Rxc4 34. Rxd3 Rxf4 35. Ne2 Rc4 36. Rxb3 Nd4 37. Nxd4 Rxd4 38. Rc3 e5 39. dxe6+ Kxe6 40. Re3+ Kf7 41. Rc3 Ke6 42. b3 f4 43. Bg4+ Ke7 44. Rc7 f3 45. Bxd7 Kd8 46. Rb7 f2 47. Bb5 Rd5 48. Bc4 Rxg5 49. Rxh7 1-0

[Event "Yambol Diana op 1st"]
[Site "Yambol"]
[Date "2016.01.23"]
[Round "1"]
[White "Ivanov, Blagovest"]
[Black "Sotirov, Nikolaj"]
[Result "0-1"]
[WhiteElo "2086"]
[BlackElo "1903"]
[PlyCount "68"]
[EventDate "2016.01.23"]
[EventType "swiss"]
[EventRounds "6"]
[EventCountry "BUL"]
[SourceTitle "CBM 170 Extra"]
[Source "ChessBase"]
[SourceDate "2016.02.25"]
[SourceVersion "1"]
[SourceVersionDate "2016.02.25"]
[SourceQuality "1"]

1. e4 c5 2. Nf3 Nc6 3. Bb5 g6 4. 0-0 Nf6 5. Re1 Bg7 6. c3 0-0 7. d4 cxd4 8. cxd4 d5 9. Bxc6 bxc6 10. Nc3 Nxe4 11. Nxe4 dxe4 12. Rxe4 c5 13. Bg5 f6 14. Be3 Bb7 15. Rg4 f5 16. Rf4 Bxf3 17. Rxf3 cxd4 18. Bg5 h6 19. Qb3+ Kh7 20. Rh3 Qd7 21. Re1 Rab8 22. Qg3 e6 23. b3 Rbc8 24. Bd2 Rc2 25. Qg5 Qf7 26. Rd1 f4 27. Qa5 e5 28. f3 Qc7 29. Qxc7 Rxc7 30. g3 g5 31. gxf4 exf4 32. Bb4 Re8 33. Kf2 Rc2+ 34. Bd2 d3 0-1